000
00171nam a2200073Ia 4500
999
_c
579
_d
579
003
OSt
005
20220629162630.0
008
170523s9999 xx 000 0 und d
040
_c
IIMT UNIVERSITY, MEERUT
100
_a
AIMA
245
0
_a
RESRUCTING TO CHANGE
260
_b
Excel Books
_a
NEW DELHI
300
_a
250
942
_2
ddc
_c
02